000 00625nam a2200241Ia 4500
003 OSt
005 20221006144723.0
006 a|||||r|||| 00| 0
007 ta
008 221006b |||||||| |||| 00| 0 eng d
020 _a0706907256
_c60.00 (each)
024 _a12,485
037 _cTextual
040 _aEASL
_cEASL
_beng
041 _2eng
_aeng
082 _aV41.N77, L9;1
100 _aGOODSTADT Leo
245 0 _aChina's watergate
260 _aNew Delhi
_bVikas Pub.
_c1979
300 _a220p.
_ccm.
942 _hV41.N77, L9;1
_cTEXL
_2CC
999 _c1080571
_d1080571